Music Quiz

Random Music or Song Quiz

Led Zeppelin Opening and Closing Songs Quiz Stats

 Plays Quiz not verified by Sporcle

Score 0/18 Timer 04:00
0 Plays Today
Album Song % Correct
Led Zeppelin IIWhole Lotta Love
95.8%
Led Zeppelin IVBlack Dog
95.8%
Led ZeppelinGood Times Bad Times
94.4%
Led Zeppelin IIIImmigrant Song
93.1%
Led Zeppelin IVWhen the Levee Breaks
91%
Houses of the HolyThe Ocean
82.6%
Led ZeppelinHow Many More Times
80.6%
PresenceAchilles' Last Stand
79.9%
Led Zeppelin IIBring It on Home
79.2%
Album Song % Correct
Houses of the HolyThe Song Remains the Same
79.2%
Led Zeppelin IIIHats Off to (Roy) Harper
71.5%
Physical GraffitiCustard Pie
70.8%
In Through the Out DoorIn the Evening
68.1%
PresenceTea for One
63.2%
Physical GraffitiSick Again
59%
In Through the Out DoorI'm Gonna Crawl
54.9%
CodaWe're Gonna Groove
45.1%
CodaWearing and Tearing
44.4%

You're not logged in!

Compare scores with friends on all Sporcle quizzes.
OR
Log In

Show Comments

Extras

Top Quizzes Today


Score Distribution

Your Account Isn't Verified!

In order to create a playlist on Sporcle, you need to verify the email address you used during registration. Go to your Sporcle Settings to finish the process.

Report this User

Report this user for behavior that violates our Community Guidelines.

Details: